Statistics for Municipalities of Akita Prefecture

Click here to take the quiz!

General Stats

  • This quiz has been taken 69 times
  • The average score is 18 of 25

Answers on the Map

Answers color-coded by a green-red scale on the quiz's map according to % correct below.
 

Answer Stats

Answer% Correct
Akita 秋田
100%
Odate 大館
83%
Yokote 横手
83%
Yurihonjo 由利本荘
83%
Daisen 大仙
79%
Kitaakita 北秋田
79%
Noshiro 能代
79%
Oga 男鹿
79%
Senboku 仙北
79%
Yuzawa 湯沢
79%
Nikaho にかほ
76%
Hachirogata 八郎潟
72%
Ogata 大潟
69%
Kazuno 鹿角
66%
Kosaka 小坂
66%
Gojome 五城目
62%
Higashinaruse 東成瀬
62%
Katagami 潟上
62%
Misato 美郷
62%
Mitane 三種
62%
Ugo 羽後
62%
Ikawa 井川
59%
Kamikoani 上小阿仁
59%
Happo 八峰
55%
Fujisato 藤里
52%

Score Distribution

Percentile by Number Answered

Percent of People with Each Score

Your Score History

You have not taken this quiz